[Event "9th Lost Boys op"]
[Site "Amsterdam NED"]
[Date "2001.08.10"]
[Round "1"]
[White "Van Wely, Loek"]
[Black "Blokhuis, Jeroen"]
[Result "1-0"]
[WhiteElo "2695"]
[BlackElo "2341"]
[EventDate "2001.08.10"]
[PlyCount "61"]

1.d4 d5 2.c4 c6 3.Nc3 Nf6 4.Nf3 e6 5.Bg5 dxc4 6.e4 b5 7.e5 h6 8.Bh4 g5 9.
Nxg5 hxg5 10.Bxg5 Nbd7 11.exf6 Qa5 12.g3 b4 13.Ne4 Ba6 14.b3 Qd5 15.Qc2 
cxb3 16.axb3 Bxf1 17.Kxf1 c5 18.Ra5 Qb7 19.dxc5 Rc8 20.Ke2 Ne5 21.Be3 Nc6 
22.Raa1 Ne5 23.f3 Rh5 24.Bd4 Qb5+ 25.Kf2 Nc6 26.Be3 Ne5 27.Kg2 a5 28.g4 
Rh4 29.h3 Nd7 30.Rhd1 Nb6 31.Qd3 1-0

[Event "9th Lost Boys op"]
[Site "Amsterdam NED"]
[Date "2001.08.10"]
[Round "1"]
[White "Strating, Sybolt"]
[Black "Sokolov, Ivan"]
[Result "0-1"]
[WhiteElo "2340"]
[BlackElo "2659"]
[EventDate "2001.08.10"]
[PlyCount "80"]

1.d4 Nf6 2.c4 g6 3.Nc3 d5 4.Nf3 Bg7 5.e3 O-O 6.b4 c6 7.Bb2 Be6 8.c5 Nbd7 
9.h3 a5 10.b5 Ne4 11.Qc2 a4 12.Rc1 f5 13.Be2 a3 14.Ba1 Bf7 15.Nxe4 fxe4 
16.Ng5 e5 17.Nxf7 Rxf7 18.Bg4 exd4 19.Bxd4 Qa5+ 20.Qd2 Qxd2+ 21.Kxd2 Nf8 
22.Bxg7 Kxg7 23.f4 exf3 24.Bxf3 Ra4 25.bxc6 bxc6 26.Rc3 Ne6 27.Rb1 Kf6 28.
Rbb3 Ke5 29.Rxa3 Rfa7 30.Rxa4 Rxa4 31.Rc2 Ra5 32.Kc1 Nxc5 33.Kb2 Nd3+ 34.
Kc3 Ra3+ 35.Kd2 c5 36.Rc3 Rxa2+ 37.Rc2 Rxc2+ 38.Kxc2 Ne1+ 39.Kc3 d4+ 40.
exd4+ cxd4+ 0-1

[Event "9th Lost Boys op"]
[Site "Amsterdam NED"]
[Date "2001.08.10"]
[Round "1"]
[White "Sutovsky, Emil"]
[Black "Stellwagen, Daniel"]
[Result "1-0"]
[WhiteElo "2651"]
[BlackElo "2337"]
[EventDate "2001.08.10"]
[PlyCount "63"]

1.e4 e6 2.d4 d5 3.Nc3 Nf6 4.Bg5 Bb4 5.e5 h6 6.Bd2 Bxc3 7.bxc3 Ne4 8.Qg4 g6
9.Bd3 Nxd2 10.Kxd2 c5 11.h4 Bd7 12.h5 g5 13.f4 Nc6 14.fxg5 Qxg5+ 15.Qxg5 
hxg5 16.Ke3 g4 17.Rf1 Rc8 18.Rf4 cxd4+ 19.cxd4 Nb4 20.Ne2 Nxd3 21.cxd3 Rc2
22.Rxg4 Rxa2 23.h6 b5 24.Rf1 Rxh6 25.Rg7 Rg6 26.Rgxf7 Kd8 27.g3 Rc2 28.Rh1
Rg8 29.Rhh7 Rc7 30.Nf4 Re8 31.Nh5 Kc8 32.Ng7 1-0

[Event "9th Lost Boys op"]
[Site "Amsterdam NED"]
[Date "2001.08.10"]
[Round "1"]
[White "Van Delft, Merijn"]
[Black "Gurevich, Mikhail"]
[Result "1/2-1/2"]
[WhiteElo "2336"]
[BlackElo "2633"]
[EventDate "2001.08.10"]
[PlyCount "101"]

1.e4 d6 2.d4 g6 3.Nc3 Bg7 4.Be3 a6 5.Qd2 b5 6.a4 b4 7.Nd1 a5 8.c3 Nf6 9.f3
bxc3 10.bxc3 O-O 11.Bd3 Nbd7 12.Ne2 c6 13.O-O e5 14.Nf2 d5 15.Rfd1 Re8 16.
Rab1 Qc7 17.c4 dxe4 18.Nxe4 exd4 19.Nxd4 Ne5 20.Nxf6+ Bxf6 21.Bf1 Ba6 22.
Rbc1 Rad8 23.Qf2 Rb8 24.Nb5 Qe7 25.Bc5 Bh4 26.g3 Qf6 27.Nc7 Nxf3+ 28.Kg2 
Rb2 29.Nxe8 Rxf2+ 30.Bxf2 Qe7 31.gxh4 Ne5 32.Nd6 c5 33.Bg3 Bb7+ 34.Nxb7 
Qxb7+ 35.Kf2 Ng4+ 36.Kg1 Kg7 37.Re1 Qb3 38.Bg2 Qxa4 39.h3 Nh6 40.Bd5 Nf5 
41.Bf2 Qb3 42.Kg2 a4 43.Re2 Qa3 44.Rce1 Qb3 45.Ra1 Nd6 46.Bxc5 Nxc4 47.
Bd4+ Kh6 48.Bc5 Kg7 49.Bd4+ Kh6 50.Bc5 Kg7 51.Bd4+ 1/2-1/2

[Event "9th Lost Boys op"]
[Site "Amsterdam NED"]
[Date "2001.08.10"]
[Round "1"]
[White "Piket, Jeroen"]
[Black "Hendriks, Willy"]
[Result "1/2-1/2"]
[WhiteElo "2630"]
[BlackElo "2321"]
[EventDate "2001.08.10"]
[PlyCount "66"]

1.d4 Nf6 2.c4 c5 3.d5 b5 4.cxb5 a6 5.bxa6 g6 6.Nc3 Bxa6 7.Nf3 d6 8.g3 Bg7 
9.Bg2 Nbd7 10.Rb1 O-O 11.O-O Ne8 12.Re1 Nc7 13.e4 Nb5 14.Nxb5 Bxb5 15.a3 
Qb6 16.Bg5 h6 17.Be3 Qa6 18.Bh3 Rab8 19.Qc1 Kh7 20.b3 Rfd8 21.Bf1 Bxf1 22.
Rxf1 Rb7 23.Kg2 Rdb8 24.Nd2 Ne5 25.h3 Qd3 26.Bf4 c4 27.Bxe5 Bxe5 28.Nxc4 
Rxb3 29.Rxb3 Rxb3 30.Nxe5 Qxe4+ 31.Kg1 Qxe5 32.Re1 Rxg3+ 33.fxg3 Qxg3+ 
1/2-1/2

[Event "9th Lost Boys op"]
[Site "Amsterdam NED"]
[Date "2001.08.10"]
[Round "1"]
[White "Lorscheid, Gerhard"]
[Black "Tregubov, Pavel"]
[Result "1/2-1/2"]
[WhiteElo "2319"]
[BlackElo "2617"]
[EventDate "2001.08.10"]
[PlyCount "234"]

1.d4 d5 2.c4 e6 3.Nc3 c6 4.e3 Bd6 5.b3 f5 6.Bb2 Nf6 7.c5 Bc7 8.f4 b6 9.b4 
bxc5 10.bxc5 Ba5 11.Nf3 Na6 12.Rc1 Rb8 13.Ba1 Nb4 14.Nd2 Ba6 15.Bxa6 Nxa6 
16.O-O Nc7 17.Nf3 Bxc3 18.Bxc3 Nb5 19.Ne5 Qc8 20.Qd3 O-O 21.Bd2 Nd7 22.
Nxd7 Qxd7 23.Ba5 Qc8 24.a4 Nc7 25.Rb1 Qa6 26.Qxa6 Nxa6 27.Kf2 h6 28.Ke2 
Kf7 29.h3 g5 30.g3 Kg6 31.Kf2 gxf4 32.exf4 h5 33.Rfe1 Kf6 34.Kf3 Rg8 35.
Rh1 Ke7 36.h4 Kd7 37.Rhe1 Rge8 38.Kf2 Kc8 39.Rxb8+ Nxb8 40.Rb1 Nd7 41.Kf3 
Nf6 42.Be1 Re7 43.Rb3 Ne4 44.Rb1 Rg7 45.Rb2 Rg8 46.Kg2 e5 47.fxe5 f4 48.
Rb3 fxg3 49.Bxg3 Rg4 50.a5 Kd7 51.Kh3 Ke6 52.Be1 Rg1 53.Re3 a6 54.Kh2 Rg8 
55.Rb3 Kf5 56.Rb6 Kf4 57.Rxa6 Ke3 58.Rb6 Kxd4 59.Rxc6 Ke3 60.e6 Ke2 61.e7 
Kxe1 62.Rg6 Re8 63.Re6 Kf1 64.Re5 Rg8 65.Rf5+ Nf2 66.Rg5 Re8 67.Rxd5 Rxe7 
68.Kg3 Ke2 69.Kf4 Re4+ 70.Kg5 Nh3+ 71.Kf6 Rxh4 72.c6 Rc4 73.Rxh5 Rxc6+ 74.
Ke7 Nf4 75.Kd7 Rg6 76.Rh4 Ke3 77.Rh1 Ra6 78.Ra1 Nd3 79.Kc7 Nc5 80.Rc1 Kd4 
81.Rd1+ Kc4 82.Rc1+ Kb4 83.Rb1+ Nb3 84.Kd7 Kc4 85.Rd1 Rxa5 86.Kd6 Ra8 87.
Ke5 Re8+ 88.Kf4 Nd4 89.Ra1 Rf8+ 90.Ke4 Re8+ 91.Kf4 Nc6 92.Rb1 Kd5 93.Rb5+ 
Kd4 94.Rb1 Rf8+ 95.Kg5 Ne5 96.Rb4+ Nc4 97.Ra4 Kd5 98.Ra1 Nd6 99.Ra5+ Ke6 
100.Kg4 Nc4 101.Rb5 Ne3+ 102.Kg3 Nd5 103.Rb1 Ke5 104.Re1+ Kd4 105.Ra1 Nc3 
106.Ra7 Ke3 107.Kg4 Rf4+ 108.Kg5 Ne4+ 109.Kg6 Rf6+ 110.Kg7 Rb6 111.Kf7 Kf4
112.Ra5 Nf6 113.Ke7 Ke4 114.Ra1 Ke5 115.Re1+ Ne4 116.Kd7 Rh6 117.Kc7 Kd5 
1/2-1/2

[Event "9th Lost Boys op"]
[Site "Amsterdam NED"]
[Date "2001.08.10"]
[Round "1"]
[White "Smeets, Jan"]
[Black "Avrukh, Boris"]
[Result "0-1"]
[WhiteElo "2311"]
[BlackElo "2598"]
[EventDate "2001.08.10"]
[PlyCount "112"]

1.e4 d6 2.d4 g6 3.Nc3 Bg7 4.f4 Nf6 5.Nf3 O-O 6.Bd3 Na6 7.O-O c5 8.d5 Bg4 
9.Bc4 Nc7 10.h3 Bxf3 11.Qxf3 Nd7 12.a4 b6 13.Nb5 Ne8 14.Na3 a6 15.Qe2 Nc7 
16.Rb1 Qc8 17.Bd2 Rb8 18.c3 Qb7 19.b4 cxb4 20.cxb4 b5 21.Bb3 e6 22.dxe6 
Nxe6 23.Nc2 bxa4 24.Bxa4 Nf6 25.Rbe1 a5 26.Kh2 axb4 27.Nxb4 Rfc8 28.e5 
dxe5 29.fxe5 Nd7 30.Nd3 Ndc5 31.Nxc5 Rxc5 32.Qf3 Bxe5+ 33.Kh1 Qxf3 34.Rxf3
Rb2 35.Rd3 h5 36.Be3 Ra5 37.Bc6 Bg3 38.Rf1 Re5 39.Bc1 Rf2 40.Rfd1 h4 41.
Bf3 Bf4 42.Ba3 Re3 43.Rxe3 Bxe3 44.Re1 Bf4 45.Kg1 Ra2 46.Be7 Bg3 47.Rf1 
Kg7 48.Bd5 Rd2 49.Bf6+ Kh6 50.Be4 Nf4 51.Ra1 Rf2 52.Be7 Ne2+ 53.Kh1 Be5 
54.Re1 Ng3+ 55.Kg1 Bd4 56.Kh2 Rf1 0-1

[Event "9th Lost Boys op"]
[Site "Amsterdam NED"]
[Date "2001.08.10"]
[Round "1"]
[White "Timman, Jan"]
[Black "Mellegers, Joost"]
[Result "1/2-1/2"]
[WhiteElo "2597"]
[BlackElo "2308"]
[EventDate "2001.08.10"]
[PlyCount "56"]

1.e4 c5 2.Nf3 d6 3.c3 Nf6 4.Be2 Nc6 5.Qc2 g6 6.d4 cxd4 7.Nxd4 Bd7 8.Be3 
Bg7 9.Nd2 O-O 10.O-O a6 11.Rae1 Rc8 12.Qb1 Nxd4 13.cxd4 Ng4 14.Bxg4 Bxg4 
15.f4 d5 16.h3 Bd7 17.e5 Bf5 18.Qd1 Rc2 19.Qa1 Qb6 20.Nb3 Rfc8 21.Rf2 Qb5 
22.Bd2 b6 23.Bc3 Rxf2 24.Kxf2 Bh6 25.g3 Qd3 26.Re3 Qc2+ 27.Re2 Qd3 28.Re3 
Qc2+ 1/2-1/2

[Event "9th Lost Boys op"]
[Site "Amsterdam NED"]
[Date "2001.08.10"]
[Round "1"]
[White "Kohler, Aran"]
[Black "Gershon, Alik"]
[Result "0-1"]
[WhiteElo "2362"]
[BlackElo "2553"]
[EventDate "2001.08.10"]
[PlyCount "84"]

1.d4 Nf6 2.Nf3 e6 3.Bg5 Be7 4.Nbd2 c5 5.e3 b6 6.c3 Bb7 7.Bd3 O-O 8.Qc2 h6 
9.h4 Nc6 10.dxc5 bxc5 11.Bxf6 Bxf6 12.Ng5 Bxg5 13.hxg5 Qxg5 14.O-O-O Qe7 
15.Rh5 d5 16.g4 e5 17.Bh7+ Kh8 18.Rdh1 e4 19.Bf5 Ne5 20.f4 Nd3+ 21.Kb1 Bc8
22.Bxc8 Rfxc8 23.Rxd5 Rab8 24.b3 c4 25.Rd4 cxb3 26.axb3 Qa3 27.Qa2 Qxa2+ 
28.Kxa2 Rxc3 29.Nxe4 Nc1+ 30.Rxc1 Rxc1 31.f5 Re1 32.Rd7 Re2+ 33.Ka3 Rxe3 
34.Nd2 Kg8 35.Ka4 Rg3 36.Rd4 Rb6 37.b4 g6 38.Ne4 Rxg4 39.Nf6+ Rxf6 40.Rxg4
Rxf5 41.b5 h5 42.Rc4 Rf1 0-1

[Event "9th Lost Boys op"]
[Site "Amsterdam NED"]
[Date "2001.08.10"]
[Round "1"]
[White "Gohil, Harry"]
[Black "Ikonnikov, Viacheslav"]
[Result "1-0"]
[WhiteElo "2307"]
[BlackElo "2552"]
[EventDate "2001.08.10"]
[PlyCount "49"]

1.d4 Nf6 2.Bg5 e6 3.e4 h6 4.Bxf6 Qxf6 5.Nc3 Bb4 6.Qd2 d6 7.O-O-O e5 8.dxe5
dxe5 9.Qe3 c6 10.g3 O-O 11.f4 exf4 12.gxf4 Bxc3 13.bxc3 Qe7 14.c4 Bf5 15.
e5 f6 16.Ne2 fxe5 17.Ng3 Bg4 18.Re1 Rxf4 19.c5 Qf7 20.Qxe5 Nd7 21.Qd6 Rf8 
22.Ne4 Nf6 23.Qxf4 Kh8 24.Nxf6 Qxa2 25.Qd4 1-0

[Event "9th Lost Boys op"]
[Site "Amsterdam NED"]
[Date "2001.08.10"]
[Round "1"]
[White "Nijboer, Friso"]
[Black "Haimovich, Tal"]
[Result "1-0"]
[WhiteElo "2551"]
[BlackElo "2304"]
[EventDate "2001.08.10"]
[PlyCount "83"]

1.e4 e6 2.d4 d5 3.Nc3 Bb4 4.e5 c5 5.a3 Bxc3+ 6.bxc3 Ne7 7.Qg4 O-O 8.Bd3 
Nbc6 9.Nf3 Qc7 10.Be3 Ng6 11.Ng5 Nce7 12.h4 c4 13.Bxg6 fxg6 14.h5 h6 15.
hxg6 Nxg6 16.Nf3 Qf7 17.Rh5 Nf4 18.Rxh6 Qf5 19.Qxf4 Qxf4 20.Bxf4 gxh6 21.
Bxh6 Rxf3 22.gxf3 Bd7 23.Kd2 Kf7 24.Rg1 Rg8 25.Bg5 Rg7 26.f4 Rh7 27.Bf6 
Kf8 28.a4 a5 29.Ra1 Ke8 30.Ke3 Rh3+ 31.f3 Rh2 32.Rg1 Bxa4 33.f5 Kd7 34.
Rg7+ Kc6 35.Bd8 Rh8 36.Rc7+ Kb6 37.Rxc4+ Rxd8 38.Rxa4 Kb5 39.Ra1 exf5 40.
Kf4 Rf8 41.e6 b6 42.Ke5 1-0

[Event "9th Lost Boys op"]
[Site "Amsterdam NED"]
[Date "2001.08.10"]
[Round "1"]
[White "Roebers, Jan"]
[Black "Shchekachev, Andrei"]
[Result "0-1"]
[WhiteElo "2303"]
[BlackElo "2546"]
[EventDate "2001.08.10"]
[PlyCount "66"]

1.e4 c5 2.b3 b6 3.c4 Bb7 4.Nc3 Nc6 5.g3 g6 6.Bg2 Bg7 7.Nge2 e6 8.O-O d6 9.
Rb1 Nge7 10.a3 O-O 11.d3 Qd7 12.b4 Rad8 13.h3 Ba8 14.Kh2 Nd4 15.f4 f5 16.
g4 d5 17.cxd5 fxg4 18.bxc5 exd5 19.Nxd4 Bxd4 20.Nb5 g3+ 21.Kxg3 dxe4 22.
Qb3+ Bd5 23.Qa4 Bxc5 24.dxe4 Ba2 25.Rb2 Bf7 26.Rd2 Qc6 27.Rfd1 Rxd2 28.
Rxd2 a6 29.Nc3 Qf6 30.e5 Nf5+ 31.Kh2 Qh4 32.Ne4 Qxf4+ 33.Kh1 Ng3+ 0-1

[Event "9th Lost Boys op"]
[Site "Amsterdam NED"]
[Date "2001.08.10"]
[Round "1"]
[White "Gustafsson, Jan"]
[Black "Larsen, Karsten"]
[Result "1-0"]
[WhiteElo "2535"]
[BlackElo "2300"]
[EventDate "2001.08.10"]
[PlyCount "71"]

1.d4 Nf6 2.c4 g6 3.Nc3 Bg7 4.e4 d6 5.Nf3 O-O 6.Be2 e5 7.O-O Nc6 8.d5 Ne7 
9.b4 a5 10.Ba3 axb4 11.Bxb4 Nd7 12.a4 Bh6 13.a5 f5 14.Bd3 Kh8 15.Re1 Ng8 
16.Nd2 Rf7 17.Na4 Ndf6 18.c5 Ng4 19.Nf3 fxe4 20.Bxe4 N8f6 21.cxd6 cxd6 22.
Nc3 Nh5 23.Bd3 Nxf2 24.Kxf2 Qh4+ 25.Kg1 Qxb4 26.Ne4 Bg4 27.Ra4 Bxf3 28.
gxf3 Qb2 29.Nxd6 Rd7 30.Nc4 Qd4+ 31.Kh1 Qf2 32.Nb6 Rf7 33.Rf1 Ng3+ 34.hxg3
Qxg3 35.Qe2 Raf8 36.Qg2 1-0

[Event "9th Lost Boys op"]
[Site "Amsterdam NED"]
[Date "2001.08.10"]
[Round "1"]
[White "Van der Wiel, John"]
[Black "Bezemer, Arno"]
[Result "1/2-1/2"]
[WhiteElo "2498"]
[BlackElo "2296"]
[EventDate "2001.08.10"]
[PlyCount "53"]

1.e4 c5 2.Nf3 d6 3.d4 cxd4 4.Nxd4 Nf6 5.Nc3 a6 6.a4 Nc6 7.Be2 e5 8.Nxc6 
bxc6 9.f4 a5 10.O-O Be7 11.Kh1 O-O 12.fxe5 dxe5 13.Qe1 Be6 14.Qg3 Nd7 15.
Bg4 Bxg4 16.Qxg4 Nc5 17.Bh6 Ne6 18.Rad1 Qc8 19.Rd3 Kh8 20.Be3 Bc5 21.Bc1 
Nd4 22.Qh4 Qe6 23.Rh3 Qg6 24.Rg3 Qe6 25.Qg5 Rg8 26.Rh3 Rge8 27.Qh4 1/2-1/2

[Event "9th Lost Boys op"]
[Site "Amsterdam NED"]
[Date "2001.08.10"]
[Round "1"]
[White "Konings, Leon"]
[Black "Jonkman, Harmen"]
[Result "1-0"]
[WhiteElo "2293"]
[BlackElo "2468"]
[EventDate "2001.08.10"]
[PlyCount "81"]

1.d4 d5 2.c4 dxc4 3.Nf3 e6 4.e3 Nf6 5.Bxc4 c5 6.O-O a6 7.Qe2 b5 8.Bd3 cxd4
9.a4 bxa4 10.e4 Nc6 11.e5 Nd5 12.Rxa4 Ncb4 13.Rd1 Bd7 14.Ra1 Nxd3 15.Qxd3 
Nb4 16.Qb3 d3 17.Ne1 a5 18.Nc3 Qc7 19.Nxd3 a4 20.Nxb4 axb3 21.Rxa8+ Bc8 
22.Nb5 Qb7 23.Na6 f6 24.Rb8 Qc6 25.Nac7+ Kf7 26.Rxc8 Qc2 27.Rf1 fxe5 28.
Rd8 Rg8 29.Nc3 Bb4 30.Rd2 Qf5 31.N7b5 Ke7 32.Rfd1 Rb8 33.Rd7+ Kf8 34.Be3 
e4 35.Nd4 Qg6 36.Nc6 Bxc3 37.Bc5+ Ke8 38.Re7+ Kf8 39.Rb7+ Ke8 40.Rxb8+ Kf7
41.Rf8# 1-0

[Event "9th Lost Boys op"]
[Site "Amsterdam NED"]
[Date "2001.08.10"]
[Round "1"]
[White "Arakhamia-Grant, Ketevan"]
[Black "Giddins, Stephen"]
[Result "1-0"]
[WhiteElo "2446"]
[BlackElo "2286"]
[EventDate "2001.08.10"]
[PlyCount "61"]

1.e4 e6 2.d4 d5 3.Nc3 Bb4 4.e5 c5 5.a3 Bxc3+ 6.bxc3 Ne7 7.Nf3 Bd7 8.a4 Qa5
9.Bd2 Nbc6 10.Be2 f6 11.O-O c4 12.Qc1 fxe5 13.Nxe5 Nxe5 14.dxe5 O-O 15.Qa3
Nf5 16.f4 Rae8 17.Qb4 Qc7 18.a5 Bc6 19.Qc5 a6 20.Qf2 g6 21.g4 Ng7 22.Qg3 
Rf7 23.Be3 d4 24.cxd4 Be4 25.c3 Rc8 26.Bf3 Bd3 27.Rf2 b5 28.axb6 Qxb6 29.
Rfa2 Qb3 30.Ra3 Qb2 31.Qg2 1-0

[Event "9th Lost Boys op"]
[Site "Amsterdam NED"]
[Date "2001.08.10"]
[Round "1"]
[White "Witt, Rob"]
[Black "Ernst, Sipke"]
[Result "1/2-1/2"]
[WhiteElo "2280"]
[BlackElo "2440"]
[EventDate "2001.08.10"]
[PlyCount "37"]

1.Nf3 Nf6 2.c4 c5 3.Nc3 d5 4.cxd5 Nxd5 5.e3 g6 6.Bb5+ Bd7 7.Qb3 Nb4 8.Bc4 
e6 9.a3 b5 10.Nxb5 N4c6 11.Qd3 Na5 12.b3 Nxc4 13.bxc4 Bg7 14.Rb1 O-O 15.
Bb2 Bxb5 16.Qxd8 Rxd8 17.cxb5 Bxb2 18.Rxb2 Rd3 19.Ke2 1/2-1/2

[Event "9th Lost Boys op"]
[Site "Amsterdam NED"]
[Date "2001.08.10"]
[Round "1"]
[White "De Vreugt, Dennis"]
[Black "l`Ami, Erwin"]
[Result "1-0"]
[WhiteElo "2429"]
[BlackElo "2275"]
[EventDate "2001.08.10"]
[PlyCount "53"]

1.e4 c5 2.Nf3 d6 3.d4 cxd4 4.Nxd4 Nf6 5.Nc3 a6 6.Be3 e5 7.Nb3 Be6 8.f3 
Nbd7 9.g4 b5 10.g5 b4 11.Ne2 Nh5 12.Qd2 a5 13.Ng3 Nxg3 14.hxg3 a4 15.Nc1 
Qa5 16.Bh3 d5 17.Bxe6 fxe6 18.Nd3 Bd6 19.exd5 exd5 20.Rh4 e4 21.Bf4 exd3 
22.Bxd6 Qb6 23.Qxb4 Qg1+ 24.Kd2 Qxa1 25.Qb7 Rb8 26.Qxd5 Kd8 27.Rc4 1-0

[Event "9th Lost Boys op"]
[Site "Amsterdam NED"]
[Date "2001.08.10"]
[Round "1"]
[White "De Jong, Migchiel"]
[Black "Nemet, Ivan"]
[Result "1-0"]
[WhiteElo "2273"]
[BlackElo "2427"]
[EventDate "2001.08.10"]
[PlyCount "95"]

1.e4 c5 2.Nf3 d6 3.d4 cxd4 4.Nxd4 Nf6 5.f3 a6 6.c4 e6 7.Nc3 Be7 8.Be2 O-O 
9.O-O Nbd7 10.Be3 d5 11.cxd5 exd5 12.exd5 Nb6 13.Bf2 Nbxd5 14.Nxd5 Nxd5 
15.Bc4 Bf6 16.Qb3 Bxd4 17.Bxd5 Bxf2+ 18.Rxf2 a5 19.Rd1 Qf6 20.Rfd2 h5 21.
Qc3 Qe7 22.Rd4 Bf5 23.Re1 Qf6 24.Bxb7 Rab8 25.Be4 Rfc8 26.Qd2 a4 27.Kh1 
Be6 28.a3 h4 29.h3 Rb3 30.Re3 Rc1+ 31.Qxc1 Qxd4 32.Re2 Rb8 33.Bb1 Rd8 34.
Kh2 Qd6+ 35.f4 Rc8 36.Qd2 Qb8 37.Re5 Rc4 38.Re4 Rc5 39.Rxa4 Qc7 40.Rb4 g6 
41.Be4 Rc1 42.Rd4 g5 43.Rd8+ Kg7 44.Qd4+ f6 45.Qd6 f5 46.Qf8+ Kg6 47.Bxf5+
Bxf5 48.Rd6+ 1-0

[Event "9th Lost Boys op"]
[Site "Amsterdam NED"]
[Date "2001.08.10"]
[Round "1"]
[White "Solleveld, Maarten"]
[Black "Soderberg, Per"]
[Result "1-0"]
[WhiteElo "2427"]
[BlackElo "2264"]
[EventDate "2001.08.10"]
[PlyCount "57"]

1.e4 c5 2.Nf3 d6 3.d4 cxd4 4.Nxd4 Nf6 5.Nc3 a6 6.f4 e6 7.Qf3 Be7 8.Be3 Qc7
9.g4 h6 10.O-O-O Bd7 11.g5 Nh7 12.gxh6 gxh6 13.f5 Ng5 14.Qh5 Nc6 15.fxe6 
Bxe6 16.h4 Nxd4 17.Bxd4 Rg8 18.hxg5 Bxg5+ 19.Kb1 Rc8 20.Bh3 Bxh3 21.Qxh3 
Rg6 22.Qd3 b5 23.e5 Rd8 24.exd6 Rgxd6 25.Rhe1+ Re6 26.Rxe6+ fxe6 27.Re1 
Qf7 28.Qe4 Rd6 29.Bc5 1-0

[Event "9th Lost Boys op"]
[Site "Amsterdam NED"]
[Date "2001.08.10"]
[Round "1"]
[White "Erwich, Marc"]
[Black "Nep, Ron"]
[Result "1/2-1/2"]
[WhiteElo "2263"]
[BlackElo "2424"]
[EventDate "2001.08.10"]
[PlyCount "83"]

1.e4 c6 2.d4 d5 3.exd5 cxd5 4.c4 Nf6 5.Nc3 e6 6.Nf3 Bb4 7.cxd5 Nxd5 8.Bd2 
Nc6 9.Bd3 Be7 10.O-O O-O 11.Qe2 Nf6 12.Ne4 Bd7 13.Nxf6+ Bxf6 14.Qe4 g6 15.
a3 Re8 16.Bc3 Bg7 17.Rad1 Qb6 18.Bc4 Rad8 19.Ne5 Nxe5 20.dxe5 Bc6 21.Qf4 
Rxd1 22.Rxd1 Rd8 23.Rxd8+ Qxd8 24.Bf1 Qd5 25.Qd4 Qxd4 26.Bxd4 b6 27.f4 h5 
28.g3 Kf8 29.Bc3 Ke8 30.Bb4 Kd7 31.Kf2 Bh6 32.Be2 h4 33.Ke3 hxg3 34.hxg3 
Ke8 35.Bd6 Kd8 36.g4 g5 37.f5 exf5 38.gxf5 g4+ 39.Kf2 Bc1 40.e6 fxe6 41.
fxe6 Bxb2 42.Bxg4 1/2-1/2

[Event "9th Lost Boys op"]
[Site "Amsterdam NED"]
[Date "2001.08.10"]
[Round "1"]
[White "Ree, Hans"]
[Black "Bachofner, Andreas"]
[Result "0-1"]
[WhiteElo "2421"]
[BlackElo "2261"]
[EventDate "2001.08.10"]
[PlyCount "86"]

1.d4 e6 2.c4 f5 3.Nc3 Nf6 4.e3 d5 5.Bd3 c6 6.Nge2 Bd6 7.f3 O-O 8.Qc2 Nh5 
9.O-O Qf6 10.b3 Bd7 11.Bb2 Qh6 12.f4 g5 13.fxg5 Qxg5 14.Rf3 Rf7 15.Raf1 
Rg7 16.Nf4 Na6 17.a3 Kh8 18.c5 Bc7 19.Bxa6 bxa6 20.Nd3 Rag8 21.R1f2 Qh4 
22.Ne5 Nf6 23.h3 Bxe5 24.dxe5 Ne4 25.Nxe4 dxe4 26.Rf4 Qxh3 27.Qd2 Be8 28.
Rxf5 Bh5 29.Rf8 Rxg2+ 30.Rxg2 Rxf8 31.Qd7 Qxe3+ 32.Kh2 Qf4+ 33.Kg1 Qf1+ 
34.Kh2 Qf4+ 35.Kg1 Bg4 36.Qe7 h5 37.Bc3 e3 38.Be1 Qf1+ 39.Kh2 Rf3 40.Bg3 
e2 41.Qd8+ Kh7 42.Qd7+ Kg6 43.Qe8+ Kf5 0-1

[Event "9th Lost Boys op"]
[Site "Amsterdam NED"]
[Date "2001.08.10"]
[Round "1"]
[White "Krnic, Zdenko"]
[Black "Van Kooten, Luuk"]
[Result "1/2-1/2"]
[WhiteElo "2389"]
[BlackElo "2255"]
[EventDate "2001.08.10"]
[PlyCount "38"]

1.Nf3 Nf6 2.c4 g6 3.b4 a5 4.b5 Bg7 5.Bb2 O-O 6.e3 d6 7.d4 e5 8.dxe5 Ng4 9.
Be2 Nxe5 10.Nxe5 Bxe5 11.Bxe5 dxe5 12.Nc3 Be6 13.Qxd8 Rxd8 14.Rd1 Rxd1+ 
15.Kxd1 Nd7 16.Na4 Nb6 17.Nxb6 cxb6 18.Kc2 Kf8 19.f4 Rc8 1/2-1/2

[Event "9th Lost Boys op"]
[Site "Amsterdam NED"]
[Date "2001.08.10"]
[Round "1"]
[White "Vogt, Andreas"]
[Black "Handke, Florian"]
[Result "0-1"]
[WhiteElo "2250"]
[BlackElo "2384"]
[EventDate "2001.08.10"]
[PlyCount "110"]

1.d4 Nf6 2.c4 e6 3.Nf3 b6 4.e3 Bb7 5.Bd3 g6 6.Nc3 Bg7 7.O-O O-O 8.e4 d6 9.
Re1 Nc6 10.d5 Ne5 11.Be2 Nxf3+ 12.Bxf3 Nd7 13.Be3 Qe7 14.Qd2 e5 15.g4 Kh8 
16.Kh1 a6 17.Rg1 Rac8 18.Rad1 Rg8 19.Rg3 f6 20.b3 Qf7 21.h4 Rce8 22.Rdg1 
Bc8 23.h5 gxh5 24.gxh5 f5 25.h6 Bf6 26.exf5 Nc5 27.Qe2 Bxf5 28.Bh5 Bg6 29.
Bxg6 Rxg6 30.Rxg6 hxg6 31.Bxc5 bxc5 32.Qf3 Rf8 33.Ne4 Kh7 34.Kg2 Bd8 35.
Qxf7+ Rxf7 36.Rh1 Rf5 37.f3 Bg5 38.Nf2 Be7 39.Ne4 Bf8 40.Nf2 Be7 41.Ng4 
Rf4 42.Nf2 Bh4 43.Ng4 g5 44.Ne3 Kxh6 45.Rh3 e4 46.a3 a5 47.Nf1 Kg7 48.fxe4
Rxe4 49.Re3 Rf4 50.Re7+ Kf6 51.Rxc7 Rf2+ 52.Kg1 Rb2 53.Ra7 Be1 54.Rb7 g4 
55.Ne3 Bf2+ 0-1

[Event "9th Lost Boys op"]
[Site "Amsterdam NED"]
[Date "2001.08.10"]
[Round "1"]
[White "Afek, Yochanan"]
[Black "Schuurman, Petra"]
[Result "1-0"]
[WhiteElo "2381"]
[BlackElo "2235"]
[EventDate "2001.08.10"]
[PlyCount "80"]

1.e4 c5 2.Nf3 Nc6 3.c3 g6 4.d4 cxd4 5.cxd4 d5 6.exd5 Qxd5 7.Nc3 Qa5 8.d5 
Nb8 9.Bb5+ Bd7 10.Qd4 Nf6 11.Bc4 Bg7 12.O-O b5 13.Bb3 O-O 14.Qh4 Bf5 15.a3
Nbd7 16.Nd4 Nc5 17.Ba2 Qb6 18.Nxf5 gxf5 19.Be3 Ng4 20.Qxe7 Nxe3 21.Qxe3 
Rfe8 22.Qf3 Ne4 23.Qxf5 Qg6 24.Qxg6 hxg6 25.Nxb5 Rab8 26.Bc4 Nd2 27.b3 
Bxa1 28.Rxa1 Red8 29.Nd4 Rb6 30.f3 Rdb8 31.Kf2 Nxc4 32.bxc4 Rb2+ 33.Ke3 
Rxg2 34.c5 Rg5 35.Nc6 Rb3+ 36.Ke4 Rc3 37.f4 Rh5 38.Kd4 Rhh3 39.Rd1 Rxa3 
40.d6 Ra4+ 1-0

[Event "9th Lost Boys op"]
[Site "Amsterdam NED"]
[Date "2001.08.10"]
[Round "1"]
[White "Vedder, Richard"]
[Black "Van Blitterswijk, Stefan"]
[Result "1/2-1/2"]
[WhiteElo "2220"]
[BlackElo "2380"]
[EventDate "2001.08.10"]
[PlyCount "140"]

1.e4 c5 2.Nf3 d6 3.Nc3 Nf6 4.e5 dxe5 5.Nxe5 a6 6.g3 Qc7 7.d4 cxd4 8.Qxd4 
Nbd7 9.Bf4 Qc5 10.Qxc5 Nxc5 11.Bg2 Ne6 12.Be3 g6 13.O-O-O Bg7 14.f4 O-O 
15.Nc4 Rb8 16.Ba7 Ra8 17.Bb6 Re8 18.Rhe1 Nf8 19.Na5 N6d7 20.Nd5 Nxb6 21.
Nxb6 Rb8 22.Nxc8 Rbxc8 23.Bxb7 Rc7 24.Bd5 Rb8 25.Bb3 Ne6 26.Rd5 Bf6 27.
Red1 Kg7 28.Kb1 Nc5 29.Nc4 Ne4 30.Ne5 e6 31.Rd7 Rbb7 32.Rxc7 Rxc7 33.Nd7 
Be7 34.Ne5 Nc5 35.Nd3 Nb7 36.c3 Na5 37.Ne5 Bf6 38.Nd7 Be7 39.Ne5 Bf6 40.
Ng4 Be7 41.Kc2 g5 42.fxg5 Bxg5 43.Rd6 Rc6 44.Rd7 Nxb3 45.axb3 Rc5 46.h4 h5
47.Nf2 Be3 48.b4 Re5 49.Nd3 Rf5 50.c4 e5 51.Rd5 Kf6 52.Rd6+ Ke7 53.Rxa6 e4
54.Ra5 exd3+ 55.Kxd3 Rxa5 56.bxa5 Bf2 57.a6 Kd7 58.Ke4 Kc7 59.Kf3 Be1 60.
g4 hxg4+ 61.Kxg4 Kb6 62.h5 Bd2 63.Kf5 Kxa6 64.Kf6 Ka5 65.Kxf7 Kb4 66.b3 
Be3 67.Ke6 Kxb3 68.Kd5 Kb4 69.c5 Bxc5 70.h6 Bf8 1/2-1/2

[Event "9th Lost Boys op"]
[Site "Amsterdam NED"]
[Date "2001.08.10"]
[Round "1"]
[White "Wintzer, Joachim"]
[Black "Happel, Hendrik"]
[Result "1-0"]
[WhiteElo "2378"]
[BlackElo "2218"]
[EventDate "2001.08.10"]
[PlyCount "133"]

1.c4 Nf6 2.Nc3 e6 3.e4 d5 4.cxd5 exd5 5.e5 d4 6.exf6 dxc3 7.Qe2+ Be6 8.
dxc3 Qxf6 9.Nf3 Nc6 10.Ng5 O-O-O 11.Nxe6 Re8 12.g3 fxe6 13.Bg2 Bc5 14.Bxc6
bxc6 15.Be3 Qe5 16.Bxc5 Qxc5 17.O-O-O Rhf8 18.Rd4 Kb7 19.Rhd1 a5 20.R1d2 
Re7 21.Rc4 Qb5 22.Re4 Rf5 23.Qxb5+ cxb5 24.Rde2 g5 25.Re5 Ref7 26.Rxf5 
exf5 27.Re5 c6 28.a4 Kb6 29.axb5 cxb5 30.Kc2 Rf6 31.Kd3 g4 32.c4 bxc4+ 33.
Kxc4 Rc6+ 34.Kb3 Rh6 35.Rxf5 Rxh2 36.Rf6+ Kc5 37.Rf5+ Kb6 38.Ka4 h5 39.
Rf6+ Kb7 40.Kxa5 h4 41.Rf7+ Kc8 42.gxh4 Rxh4 43.b4 Rh8 44.b5 Kb8 45.Ka6 
Rg8 46.Rb7+ Ka8 47.Re7 Kb8 48.b6 Ka8 49.Re3 Rf8 50.Re4 Rg8 51.Rf4 Kb8 52.
Rf7 Ka8 53.Rf6 Kb8 54.Rd6 Ka8 55.b7+ Kb8 56.Kb6 Rh8 57.Rc6 g3 58.fxg3 Rh6 
59.Kc5 Rh3 60.Rg6 Kxb7 61.Kd6 Rh1 62.g4 Rd1+ 63.Ke7 Kc7 64.Re6 Rg1 65.Re4 
Kc6 66.Ke6 Kc7 67.Rd4 1-0

[Event "9th Lost Boys op"]
[Site "Amsterdam NED"]
[Date "2001.08.10"]
[Round "1"]
[White "Hopman, Pieter"]
[Black "Blees, Albert"]
[Result "0-1"]
[WhiteElo "2215"]
[BlackElo "2377"]
[EventDate "2001.08.10"]
[PlyCount "46"]

1.d4 Nf6 2.c4 c5 3.d5 e6 4.Nc3 exd5 5.cxd5 d6 6.e4 g6 7.Bd3 Bg7 8.Nge2 O-O
9.O-O Re8 10.h3 a6 11.a4 Nbd7 12.f4 c4 13.Bc2 Nc5 14.Ng3 Qc7 15.Qe2 Bd7 
16.Qxc4 b5 17.Qb4 bxa4 18.Be3 Rab8 19.Qa3 Ncxe4 20.Ngxe4 Nxe4 21.Bxe4 Rb3 
22.Qa2 Bxc3 23.bxc3 Qxc3 0-1